LIBRARY & INFORMATION CENTRE, KCAET, TAVANUR

ONLINE PUBLIC ACCESS CATALOGUE (OPAC)

Bulding Materials (Record no. 13597)

MARC details
000 -LEADER
fixed length control field 00286cam a2200121ua 4500
020 ## - INTERNATIONAL STANDARD BOOK NUMBER
ISBN 9788120328488
082 ## - DEWEY DECIMAL CLASSIFICATION NUMBER
Classification number 691.
Item number VAR/BU
100 ## - MAIN ENTRY--AUTHOR NAME
Personal name Varghese, P C.
245 ## - TITLE STATEMENT
Title Bulding Materials
260 ## - PUBLICATION, DISTRIBUTION, ETC. (IMPRINT)
Place of publication New Delhi
Name of publisher PHI Learning Private Limited
Year of publication 2012
300 ## - PHYSICAL DESCRIPTION
Number of Pages 267.
942 ## - ADDED ENTRY ELEMENTS (KOHA)
Koha item type Books
Holdings
Withdrawn status Lost status Damaged status Collection code Home library Current library Shelving location Date acquired Source of acquisition Cost, normal purchase price Full call number Accession Number Koha item type
      Non-fiction KAUAET KAUAET New Materials Shelf 30/03/2011 Cosmo Books, Thrissur 225.00 691 VAR/BU 22281 Books
        KAUAET KAUAET General Stacks 30/03/2013 Aman Book Stall, Calicut 225.00 691. VAR/BU 24013 Books
free website counter